[Event "DEM U10/U10w 2015"]
[Site "Willingen GER"]
[Date "2015.05.29"]
[Round "9"]
[White "Bethke, Richard"]
[Black "Lutz, Ruben"]
[Result "1/2-1/2"]
[Termination "normal"]
[Board "1"]
[WhiteElo "1655"]
[BlackElo "1524"]
[WhiteClock "01:05:17"]
[BlackClock "00:07:32"]
[PlyCount "91"]
[WhiteFideId "12959243"]
[BlackFideId "12975974"]
[EventCountry "GER"]
[EventRounds "11"]
[EventType "swiss"]
[EventDate "2015.05.23"]

1. e4 e6 2. d4 d5 3. Nc3 Nf6 4. e5 Nfd7 5. Nf3 c5 6. dxc5 Bxc5 7. Bd3 Nc6 8.
Bf4 Qb6 9. O-O Be7 10. Qe2 Nc5 11. Be3 Qd8 12. Nb5 Nxd3 13. cxd3 O-O 14. Nbd4
Bd7 15. Rac1 a6 16. Nxc6 Bxc6 17. Bc5 Rc8 18. Nd4 Bd7 19. Bxe7 Qxe7 20. f4 Qb4
21. Qf2 Rxc1 22. Rxc1 Rc8 23. Rxc8+ Bxc8 24. Nb3 Bd7 25. Nc5 Bc6 26. a3 Qa5 27.
h3 h6 28. d4 Qc7 29. b4 Bb5 30. a4 Bc4 31. Qc2 Qb6 32. Qc3 Kh8 33. g4 Qc7 34.
Kg2 Qe7 35. Kg3 Kg8 36. h4 b6 37. Nb3 Bxb3 38. Qxb3 Qc7 39. Qd3 Qc8 40. Kf3 Kh8
41. f5 Kg8 42. f6 g6 43. Ke2 Kh8 44. Kd2 Kg8 45. b5 a5 46. Qc3 1/2-1/2

[Event "DEM U10/U10w 2015"]
[Site "Willingen GER"]
[Date "2015.05.29"]
[Round "9"]
[White "Krastev, Alexander"]
[Black "Kirchner, Markus"]
[Result "1-0"]
[Termination "normal"]
[Board "2"]
[WhiteElo "1940"]
[BlackElo "1633"]
[WhiteClock "00:53:54"]
[BlackClock "00:27:07"]
[PlyCount "59"]
[WhiteFideId "12989983"]
[BlackFideId "12979163"]
[EventCountry "GER"]
[EventRounds "11"]
[EventType "swiss"]
[EventDate "2015.05.23"]

1. e4 e6 2. d4 d5 3. Nc3 Nf6 4. e5 Nfd7 5. Nf3 c5 6. dxc5 Nc6 7. Bf4 Bxc5 8.
Bd3 f6 9. exf6 Qxf6 10. Bg3 O-O 11. Bh4 Qf4 12. O-O Nce5 13. Nxe5 Qxh4 14. Nf3
Qf6 15. Qe2 Nb6 16. Rae1 Bb4 17. a3 Bxc3 18. bxc3 Qxc3 19. Bxh7+ Kxh7 20. Ng5+
Kg8 21. Qh5 Qxc2 22. Re3 Rxf2 23. Rxf2 Qc1+ 24. Rf1 Qxe3+ 25. Kh1 Qxg5 26. Qxg5
Bd7 27. Qe7 Re8 28. Qf7+ Kh8 29. Qg6 Kg8 30. Rf7 1-0

[Event "DEM U10/U10w 2015"]
[Site "Willingen GER"]
[Date "2015.05.29"]
[Round "9"]
[White "Musiolik, David"]
[Black "Wagner, Leopold Franziskus"]
[Result "1/2-1/2"]
[Termination "normal"]
[Board "3"]
[WhiteElo "1629"]
[BlackElo "1803"]
[WhiteClock "00:14:41"]
[BlackClock "00:10:38"]
[PlyCount "84"]
[WhiteFideId "12972355"]
[BlackFideId "1641581"]
[EventCountry "GER"]
[EventRounds "11"]
[EventType "swiss"]
[EventDate "2015.05.23"]

1. e4 c5 2. Nf3 Nc6 3. d4 cxd4 4. Nxd4 g6 5. Be3 Bg7 6. Be2 d6 7. O-O Nf6 8.
Bf3 Ne5 9. h3 O-O 10. Nd2 Nxf3+ 11. Qxf3 Bd7 12. Rfd1 Qc7 13. c3 a6 14. N2b3
Rac8 15. Rac1 b5 16. Rd2 Bc6 17. Nxc6 Qxc6 18. Rd4 e5 19. Rd3 Nxe4 20. Rcd1
Rfd8 21. Na5 Qc7 22. Qxe4 Qxa5 23. Rxd6 Rxd6 24. Rxd6 Qxa2 25. Qb7 Rf8 26. Rxa6
Qxb2 27. Bc5 Qc1+ 28. Kh2 Qxc3 29. Bxf8 Bxf8 30. Qxb5 Qc7 31. Rc6 Qe7 32. Qd5
Qg5 33. Rc3 Qf4+ 34. Kg1 Qg5 35. Rf3 Qe7 36. g3 h5 37. Re3 Bg7 38. Kg2 Qf6 39.
Rf3 Qe7 40. Re3 Qf6 41. Rf3 Qe7 42. Re3 Qf6 1/2-1/2

[Event "DEM U10/U10w 2015"]
[Site "Willingen GER"]
[Date "2015.05.29"]
[Round "9"]
[White "Bui, Bao Anh Le"]
[Black "Röhr, Oliver"]
[Result "0-1"]
[Termination "normal"]
[Board "4"]
[WhiteElo "1660"]
[BlackElo "1453"]
[WhiteClock "00:14:25"]
[BlackClock "00:19:04"]
[PlyCount "88"]
[WhiteFideId "12970719"]
[BlackFideId "12987697"]
[EventCountry "GER"]
[EventRounds "11"]
[EventType "swiss"]
[EventDate "2015.05.23"]

1. e4 e5 2. Nf3 Nc6 3. Bc4 Bc5 4. c3 d6 5. d3 Nf6 6. Bb3 a6 7. Nbd2 Ba7 8. h3
h6 9. Nf1 g5 10. Be3 Be6 11. Bxa7 Nxa7 12. Ne3 Qe7 13. Ba4+ Bd7 14. Bxd7+ Qxd7
15. c4 Nc6 16. Nc2 Nh7 17. g4 Nf8 18. Ne3 Ne6 19. Nd5 O-O-O 20. b4 Ncd4 21.
Nxd4 Nxd4 22. a4 Qe6 23. b5 a5 24. Rc1 b6 25. Ne3 Rh7 26. Nf5 Nxf5 27. gxf5 Qe7
28. Qg4 h5 29. Qf3 f6 30. Ke2 h4 31. Rhg1 Qf7 32. Rcd1 Qh5 33. Qxh5 Rxh5 34. d4
Re8 35. Ke3 Rh7 36. dxe5 Rxe5 37. f4 gxf4+ 38. Kxf4 Ree7 39. Rg6 Ref7 40. Ke3
Kd7 41. Rdg1 Ke7 42. Rg8 Kd7 43. Kd4 c5+ 44. Kd5 Re7 0-1

[Event "DEM U10/U10w 2015"]
[Site "Willingen GER"]
[Date "2015.05.29"]
[Round "9"]
[White "Simukov, Erik"]
[Black "Haufe, Laurin"]
[Result "0-1"]
[Termination "normal"]
[Board "5"]
[WhiteElo "1515"]
[BlackElo "1575"]
[WhiteClock "00:15:06"]
[BlackClock "00:07:05"]
[PlyCount "74"]
[WhiteFideId "12995380"]
[BlackFideId "12976504"]
[EventCountry "GER"]
[EventRounds "11"]
[EventType "swiss"]
[EventDate "2015.05.23"]

1. e4 c5 2. Nf3 d6 3. d4 cxd4 4. Nxd4 Nf6 5. Nc3 a6 6. Bg5 e6 7. f4 Be7 8. Qf3
h6 9. Bh4 O-O 10. h3 Nbd7 11. O-O-O Qa5 12. f5 Ne5 13. Qf2 b5 14. Nb3 Qc7 15.
a3 Bb7 16. Bd3 Nxd3+ 17. Rxd3 Nxe4 18. Nxe4 Bxe4 19. Rc3 Qd7 20. Bxe7 Qxe7 21.
Re1 Qg5+ 22. Kb1 Qxf5 23. Qd4 Bd5 24. Rg3 f6 25. Qb6 Bxb3 26. Rxb3 Rfc8 27. Rc1
Rd8 28. Rc3 d5 29. Rc7 e5 30. Ra7 Rab8 31. Qxa6 d4 32. a4 bxa4 33. Rf1 Qg6 34.
g4 d3 35. Qc4+ Kh8 36. Rxa4 Rbc8 37. Qe4 dxc2+ 0-1

[Event "DEM U10/U10w 2015"]
[Site "Willingen GER"]
[Date "2015.05.29"]
[Round "9"]
[White "Marschall, Tillmann"]
[Black "Colbow, Collin"]
[Result "1/2-1/2"]
[Termination "normal"]
[Board "6"]
[WhiteElo "1423"]
[BlackElo "1489"]
[WhiteClock "00:26:04"]
[BlackClock "00:18:02"]
[PlyCount "51"]
[WhiteFideId "12973220"]
[BlackFideId "16201132"]
[EventCountry "GER"]
[EventRounds "11"]
[EventType "swiss"]
[EventDate "2015.05.23"]

1. e4 e5 2. Nf3 Nc6 3. Bb5 a6 4. Ba4 Nf6 5. O-O Be7 6. Re1 b5 7. Bb3 d6 8. c3
O-O 9. d3 Nb8 10. Nbd2 Nbd7 11. a4 Bb7 12. Nf1 Re8 13. Ng5 Rf8 14. Ng3 g6 15.
h3 Nc5 16. Bc2 Nxa4 17. Bxa4 bxa4 18. Qxa4 Nd7 19. Nf3 Nc5 20. Qc2 Qd7 21. Be3
Qb5 22. Red1 Rfc8 23. b4 Ne6 24. c4 Qc6 25. Ne2 Rf8 26. Ng3 1/2-1/2

[Event "DEM U10/U10w 2015"]
[Site "Willingen GER"]
[Date "2015.05.29"]
[Round "9"]
[White "Zeuner, Ole"]
[Black "Hetzner, Hannes"]
[Result "1-0"]
[Termination "normal"]
[Board "7"]
[WhiteElo "1484"]
[BlackElo "1361"]
[WhiteClock "00:14:57"]
[BlackClock "00:17:50"]
[PlyCount "86"]
[WhiteFideId "12943576"]
[BlackFideId "16211936"]
[EventCountry "GER"]
[EventRounds "11"]
[EventType "swiss"]
[EventDate "2015.05.23"]

1. e4 e6 2. d4 d5 3. Nc3 Bb4 4. exd5 Bxc3+ 5. bxc3 Qxd5 6. Nf3 c5 7. Bd3 Nc6 8.
O-O Bd7 9. Re1 cxd4 10. Be4 Qd6 11. cxd4 Nge7 12. Rb1 b6 13. Qd3 f5 14. Bxc6
Nxc6 15. Ba3 Qd5 16. c4 Qa5 17. Rb5 Qa4 18. Rxf5 O-O-O 19. Rf7 Qa5 20. Rxg7 Be8
21. Qe3 Kb8 22. Kf1 Bg6 23. Re2 Qf5 24. Bc1 Qf6 25. Qf4+ Qxf4 26. Bxf4+ Ka8 27.
Rd2 Rhe8 28. Ne5 Nxe5 29. Bxe5 Rc8 30. Rc7 Rcd8 31. Ke2 Rc8 32. c5 Rxc7 33.
Bxc7 bxc5 34. dxc5 Kb7 35. Bd6 Kc6 36. Ke3 Rg8 37. f3 a5 38. g4 Be8 39. a4 Rg7
40. Kd3 Kb7 41. Rb2+ Ka6 42. Rb6+ Ka7 43. Bb8+ Ka8 1-0

[Event "DEM U10/U10w 2015"]
[Site "Willingen GER"]
[Date "2015.05.29"]
[Round "9"]
[White "Mailitis, Ricardo"]
[Black "Weihrauch, Jakob"]
[Result "1/2-1/2"]
[Termination "normal"]
[Board "8"]
[WhiteElo "1370"]
[BlackElo "1594"]
[WhiteClock "00:37:44"]
[BlackClock "00:09:49"]
[PlyCount "81"]
[WhiteFideId "12977535"]
[BlackFideId "16210115"]
[EventCountry "GER"]
[EventRounds "11"]
[EventType "swiss"]
[EventDate "2015.05.23"]

1. e4 d5 2. exd5 Qxd5 3. Nc3 Qd6 4. d4 Nf6 5. Nf3 a6 6. g3 Bg4 7. Bg2 Nc6 8.
Bf4 Qd7 9. O-O O-O-O 10. Be3 e6 11. Ne2 h6 12. c3 Nd5 13. Bd2 g5 14. b4 Nb6 15.
a4 Nc4 16. b5 Nb8 17. Rb1 a5 18. Ne1 Bf5 19. Rb3 e5 20. Nc2 Be6 21. Rb1 Bd5 22.
Ne3 Bxg2 23. Kxg2 Nxe3+ 24. Bxe3 Qe6 25. Qb3 Qxb3 26. Rxb3 Bg7 27. dxe5 Bxe5
28. Bd4 Rhe8 29. Bxe5 Rxe5 30. Nd4 g4 31. Rbb1 Nd7 32. Rfe1 Rde8 33. Rxe5 Rxe5
34. Kf1 Nc5 35. Ra1 Ne4 36. Rc1 Kd7 37. c4 Kd6 38. Nb3 Nc5 39. Rd1+ Ke7 40.
Nxa5 Ke8 41. Rd2 1/2-1/2

[Event "DEM U10/U10w 2015"]
[Site "Willingen GER"]
[Date "2015.05.29"]
[Round "9"]
[White "Nguyen, Phuong Thao Vivien"]
[Black "Evering, Sören"]
[Result "1/2-1/2"]
[Termination "normal"]
[Board "9"]
[WhiteElo "1195"]
[BlackElo "1712"]
[PlyCount "43"]
[WhiteFideId "16210735"]
[BlackFideId "12974650"]
[EventCountry "GER"]
[EventRounds "11"]
[EventType "swiss"]
[EventDate "2015.05.23"]

1. e4 e5 2. Nf3 Nc6 3. d3 Nf6 4. g3 Bc5 5. Bg2 d6 6. O-O O-O 7. c3 Bb6 8. Nbd2
h6 9. Qc2 Be6 10. Re1 Qd7 11. Nf1 Rfe8 12. Be3 Rad8 13. Bxb6 axb6 14. Ne3 d5
15. exd5 Nxd5 16. Rad1 Nxe3 17. fxe3 Bf5 18. e4 Bg4 19. Rd2 Qe7 20. Rf1 Rd7 21.
Nh4 Red8 22. Nf5 1/2-1/2

[Event "DEM U10/U10w 2015"]
[Site "Willingen GER"]
[Date "2015.05.29"]
[Round "9"]
[White "Prieb, Robert"]
[Black "Farokhi, Keyvan"]
[Result "1-0"]
[Termination "normal"]
[Board "10"]
[WhiteElo "1426"]
[BlackElo "1262"]
[PlyCount "105"]
[WhiteFideId "16212002"]
[BlackFideId "12998630"]
[EventCountry "GER"]
[EventRounds "11"]
[EventType "swiss"]
[EventDate "2015.05.23"]

1. d4 Nf6 2. c4 g6 3. Nc3 Bg7 4. e4 d6 5. Nf3 O-O 6. Be2 e5 7. O-O Nc6 8. d5
Ne7 9. b4 Ne8 10. Ne1 f5 11. f3 f4 12. Nd3 g5 13. Bd2 Rf6 14. c5 Rh6 15. Be1
Nf6 16. Rc1 Qe8 17. Nf2 Bd7 18. Qb3 Qh5 19. h3 Qe8 20. c6 Bc8 21. cxb7 Bxb7 22.
Nb5 Qd8 23. Nxc7 Rc8 24. Ne6 Qd7 25. Rxc8+ Qxc8 26. Bd2 Nexd5 27. Nxg7 Kxg7 28.
exd5 Bxd5 29. Qb2 Qb7 30. Rc1 Nh5 31. Qc2 Rf6 32. Qc7+ Qxc7 33. Rxc7+ Rf7 34.
Rxf7+ Kxf7 35. Ne4 Bxe4 36. fxe4 Ng3 37. Bf3 Ke7 38. a4 Kd7 39. b5 Kc7 40. Ba5+
Kb7 41. Bd8 h6 42. a5 a6 43. bxa6+ Kxa6 44. Bc7 d5 45. exd5 e4 46. d6 exf3 47.
d7 Ne2+ 48. Kf2 fxg2 49. Kxg2 f3+ 50. Kxf3 Nd4+ 51. Kg4 Ne6 52. d8=Q Nxd8 53.
Bxd8 1-0

[Event "DEM U10/U10w 2015"]
[Site "Willingen GER"]
[Date "2015.05.29"]
[Round "9"]
[White "Pubantz, Jan"]
[Black "Toval, David"]
[Result "1-0"]
[Termination "normal"]
[Board "11"]
[WhiteElo "1363"]
[BlackElo "1528"]
[PlyCount "85"]
[WhiteFideId "12996114"]
[BlackFideId "12992755"]
[EventCountry "GER"]
[EventRounds "11"]
[EventType "swiss"]
[EventDate "2015.05.23"]

1. e4 c5 2. Nc3 d6 3. f4 Nc6 4. Nf3 e6 5. g3 Bd7 6. Bg2 a6 7. a4 Be7 8. O-O Nf6
9. d3 O-O 10. h3 d5 11. e5 Ne8 12. g4 g6 13. f5 d4 14. f6 Bxf6 15. exf6 dxc3
16. Bh6 Qxf6 17. Bxf8 cxb2 18. Rb1 Kxf8 19. d4 cxd4 20. Rxb2 Ne5 21. Nxd4 Qg7
22. Rxb7 Rd8 23. Nxe6+ Bxe6 24. Qxd8 Nd7 25. Rxd7 Bxd7 26. Qxd7 h6 27. Bd5 f6
28. Qxg7+ Kxg7 29. Re1 Nd6 30. Re7+ Kf8 31. Rd7 Ne8 32. a5 f5 33. Rd8 Ke7 34.
Rxe8+ Kxe8 35. Bb7 Kd7 36. Bxa6 Kc7 37. gxf5 gxf5 38. Bd3 Kc6 39. a6 f4 40. Kf2
h5 41. Kf3 h4 42. Kxf4 Kb6 43. Kg4 1-0

[Event "DEM U10/U10w 2015"]
[Site "Willingen GER"]
[Date "2015.05.29"]
[Round "9"]
[White "Lohvinov, Petro"]
[Black "Deutsch, Christoph"]
[Result "0-1"]
[Termination "normal"]
[Board "12"]
[WhiteElo "1418"]
[BlackElo "1291"]
[PlyCount "70"]
[WhiteFideId "14176661"]
[BlackFideId "16206878"]
[EventCountry "GER"]
[EventRounds "11"]
[EventType "swiss"]
[EventDate "2015.05.23"]

1. e4 e5 2. Nf3 Nc6 3. d4 exd4 4. Nxd4 Nf6 5. Nxc6 bxc6 6. e5 Qe7 7. Qe2 Nd5 8.
c4 Nb6 9. Nc3 a5 10. Qe4 Bb7 11. Bd3 d6 12. exd6 cxd6 13. Bg5 Qxe4+ 14. Nxe4
Be7 15. Bxe7 Kxe7 16. O-O-O Rhd8 17. Rhe1 Kf8 18. c5 dxc5 19. Nxc5 Bc8 20. Be4
Nd5 21. Bxd5 Rxd5 22. Rxd5 cxd5 23. Kd2 Rb8 24. b3 Rb5 25. Nd3 Be6 26. Kc3 Rb8
27. Kd4 Ke7 28. Rc1 Kd6 29. Ne5 Rb4+ 30. Kd3 Kxe5 31. Re1+ Kd6 32. Kc3 Re4 33.
Rf1 Re2 34. a4 Re4 35. Kd3 Rb4 0-1

[Event "DEM U10/U10w 2015"]
[Site "Willingen GER"]
[Date "2015.05.29"]
[Round "9"]
[White "Butenandt, Svenja"]
[Black "Kosev, Momchil"]
[Result "0-1"]
[Termination "normal"]
[Board "13"]
[WhiteElo "1342"]
[BlackElo "1391"]
[PlyCount "66"]
[WhiteFideId "12993859"]
[BlackFideId "12975982"]
[EventCountry "GER"]
[EventRounds "11"]
[EventType "swiss"]
[EventDate "2015.05.23"]

1. e4 c5 2. Nf3 d6 3. d4 cxd4 4. Qxd4 Nc6 5. Bb5 Bd7 6. Bxc6 Bxc6 7. Bg5 h6 8.
Bh4 Qb6 9. Nc3 Qxb2 10. O-O Qb6 11. Qxb6 axb6 12. Rab1 g5 13. Bg3 Bg7 14. e5
Bxf3 15. gxf3 dxe5 16. Rxb6 f5 17. h4 e4 18. Nd5 Rxa2 19. fxe4 fxe4 20. Rc1 Nf6
21. Nc7+ Kf7 22. Ne6 Nd5 23. Nxg7 Nxb6 24. Nf5 Nc4 25. Nd4 Rha8 26. Nb3 Rb2 27.
c3 Rxb3 28. Kf1 Rb1 29. Re1 Nd2+ 30. Ke2 Rxe1+ 31. Kxe1 Nf3+ 32. Kf1 Ra1+ 33.
Kg2 Kg6 0-1

[Event "DEM U10/U10w 2015"]
[Site "Willingen GER"]
[Date "2015.05.29"]
[Round "9"]
[White "Hommer, Jeremy"]
[Black "Reuter, Elisa"]
[Result "1-0"]
[Termination "normal"]
[Board "14"]
[WhiteElo "1570"]
[BlackElo "1133"]
[PlyCount "159"]
[WhiteFideId "12992577"]
[BlackFideId "12995444"]
[EventCountry "GER"]
[EventRounds "11"]
[EventType "swiss"]
[EventDate "2015.05.23"]

1. d4 f5 2. c4 Nf6 3. Nc3 g6 4. g3 Bg7 5. Bg2 O-O 6. Nf3 d6 7. O-O Qe8 8. Nb5
Qd8 9. Bf4 a6 10. Nc3 Be6 11. Nd2 c6 12. Rb1 a5 13. Qb3 Qd7 14. Qa4 Nh5 15. Nf3
Nxf4 16. gxf4 Qc7 17. Rfc1 Bd7 18. Qa3 Na6 19. c5 dxc5 20. dxc5 Nb4 21. Qb3+
Kh8 22. Qc4 e6 23. Ng5 Rae8 24. Rd1 Nd5 25. e3 h6 26. Nf3 Kh7 27. Nd4 Re7 28.
Qb3 Rfe8 29. h3 Rb8 30. a4 b6 31. cxb6 Rxb6 32. Qa3 Re8 33. Qc5 Rb7 34. Rbc1
Rxb2 35. Nxd5 exd5 36. Bxd5 Rb7 37. Bxc6 Bxc6 38. Qxc6 Qxc6 39. Nxc6 Ra8 40.
Rd5 Rc7 41. Rdc5 Rac8 42. R5c4 h5 43. Nxa5 Rxc4 44. Rxc4 Rxc4 45. Nxc4 Bc3 46.
Kf1 Kg7 47. Ke2 Kf7 48. Kd3 Be1 49. f3 Bb4 50. Kd4 Ke6 51. a5 Bxa5 52. Nxa5 Kf6
53. h4 Kf7 54. e4 Ke6 55. Nc4 fxe4 56. fxe4 Kf6 57. Ne3 Ke6 58. Kc5 Kf6 59. Kd6
Kf7 60. Nd5 Ke8 61. Ke6 Kf8 62. Kf6 Ke8 63. Kxg6 Kd7 64. Kxh5 Kd6 65. e5+ Kxd5
66. Kg6 Ke4 67. h5 Kxf4 68. h6 Kxe5 69. h7 Ke6 70. h8=Q Kd6 71. Qe8 Kd5 72. Kf5
Kc5 73. Qd7 Kb6 74. Qc8 Ka7 75. Qc1 Kb6 76. Ke5 Kb5 77. Kd5 Kb4 78. Qb2+ Ka5
79. Kc5 Ka6 80. Qb6# 1-0

[Event "DEM U10/U10w 2015"]
[Site "Willingen GER"]
[Date "2015.05.29"]
[Round "9"]
[White "Lutz, Adam"]
[Black "Kurzweil, Nalani"]
[Result "1-0"]
[Termination "normal"]
[Board "15"]
[WhiteElo "1481"]
[BlackElo "1209"]
[PlyCount "109"]
[WhiteFideId "16226615"]
[BlackFideId "12985694"]
[EventCountry "GER"]
[EventRounds "11"]
[EventType "swiss"]
[EventDate "2015.05.23"]

1. e4 c5 2. Nf3 d6 3. d4 cxd4 4. Nxd4 Nf6 5. Nc3 a6 6. Be2 e5 7. Nb3 Be6 8. Be3
Be7 9. O-O Nbd7 10. f4 b5 11. a3 Bxb3 12. cxb3 Rc8 13. Rc1 h6 14. Bf3 Nc5 15.
Kh1 Ne6 16. Bg4 Qd7 17. Qe2 Rb8 18. Rcd1 Qb7 19. Bf5 Nc5 20. Bxc5 dxc5 21. fxe5
Nh7 22. Bd7+ Kf8 23. Qf2 f6 24. exf6 gxf6 25. Qf4 Ng5 26. Nd5 Qxd7 27. Qxb8+
Qd8 28. Qxd8+ Bxd8 29. Nxf6 Bxf6 30. Rxf6+ Kg7 31. Rxa6 Rf8 32. e5 Kf7 33. Rf1+
Ke8 34. Rxf8+ Kxf8 35. Rxh6 Ke7 36. Rb6 Ne4 37. Rxb5 Ke6 38. Rb6+ Kxe5 39. Kg1
Kd4 40. Kf1 Ke3 41. Re6 Kd3 42. Rxe4 Kxe4 43. Ke2 Kd4 44. a4 c4 45. bxc4 Kxc4
46. h4 Kb4 47. h5 Kxa4 48. h6 Kb3 49. h7 Kxb2 50. h8=Q+ Kc2 51. Qc8+ Kb2 52.
Kd2 Ka2 53. Qb7 Ka3 54. Kc3 Ka2 55. Qb2# 1-0

[Event "DEM U10/U10w 2015"]
[Site "Willingen GER"]
[Date "2015.05.29"]
[Round "9"]
[White "Stahnecker, Hagen"]
[Black "Breß, Aaron"]
[Result "1/2-1/2"]
[Termination "normal"]
[Board "16"]
[WhiteElo "1257"]
[BlackElo "1674"]
[PlyCount "81"]
[WhiteFideId "16225422"]
[BlackFideId "12996432"]
[EventCountry "GER"]
[EventRounds "11"]
[EventType "swiss"]
[EventDate "2015.05.23"]

1. e4 c6 2. d4 d5 3. Nc3 dxe4 4. Nxe4 Bf5 5. Ng3 Bg6 6. h4 h6 7. Nf3 Nd7 8. Bd3
Bxd3 9. Qxd3 Qc7 10. O-O O-O-O 11. Bd2 Ngf6 12. a4 e6 13. b4 Bd6 14. Nh2 Rh7
15. c4 Rdh8 16. c5 Be7 17. Rfb1 Nd5 18. Nf3 g6 19. b5 Rg7 20. bxc6 Qxc6 21. a5
a6 22. Rb2 Nc7 23. Ne4 Nb5 24. Rc1 Kb8 25. Bf4+ Ka8 26. Ne5 Nxe5 27. Bxe5 f6
28. Nxf6 Rd8 29. Ng4 Rgg8 30. Nxh6 Rgf8 31. Qxg6 Bxh4 32. Qg7 Rh8 33. g3 Qc8
34. gxh4 Rhg8 35. Nxg8 Rxg8 36. Qxg8 Qxg8+ 37. Kh2 Qg4 38. Rg1 Qxh4+ 39. Kg2
Nxd4 40. Bxd4 Qxd4 41. Rgb1 1/2-1/2

[Event "DEM U10/U10w 2015"]
[Site "Willingen GER"]
[Date "2015.05.29"]
[Round "9"]
[White "Rempe, Jonas"]
[Black "Stockmann, Till"]
[Result "0-1"]
[Termination "normal"]
[Board "17"]
[WhiteElo "1292"]
[BlackElo "1442"]
[PlyCount "110"]
[WhiteFideId "16202406"]
[BlackFideId "12979341"]
[EventCountry "GER"]
[EventRounds "11"]
[EventType "swiss"]
[EventDate "2015.05.23"]

1. e4 e5 2. Nf3 Nc6 3. Bc4 Bc5 4. c3 Nf6 5. d3 a6 6. O-O Ba7 7. h3 d6 8. Bb3
O-O 9. Re1 Kh8 10. d4 Ng8 11. dxe5 Nxe5 12. Nxe5 dxe5 13. Qxd8 Rxd8 14. Bxf7
Rf8 15. Be3 Rxf7 16. Bxa7 Rxa7 17. Na3 b5 18. Nc2 Bb7 19. Nb4 Nf6 20. Nd5 Ra8
21. Rad1 Raf8 22. f3 h6 23. Re2 Rd7 24. Ree1 Rfd8 25. Ne3 Rxd1 26. Rxd1 Rxd1+
27. Nxd1 Kg8 28. Nf2 Kf7 29. Nd3 Nd7 30. Kf2 Ke6 31. Ke3 Kd6 32. g4 g5 33. Nf2
Nc5 34. b3 Ne6 35. Nh1 Ke7 36. Ng3 Kf6 37. Nf5 Kg6 38. h4 Nf4 39. h5+ Kh7 40.
Kd2 a5 41. a3 Ba6 42. b4 a4 43. Ng3 Ne6 44. Nf5 c6 45. Ne7 Nd8 46. Nf5 Nf7 47.
Ng3 Nd6 48. Kc2 Bc8 49. Kb2 Nc4+ 50. Ka2 Nd2 51. Kb2 Nxf3 52. Nf5 Bxf5 53. exf5
Nh2 54. f6 Nxg4 55. f7 Kg7 0-1

[Event "DEM U10/U10w 2015"]
[Site "Willingen GER"]
[Date "2015.05.29"]
[Round "9"]
[White "Jahrke, Jonas"]
[Black "Huo, Da"]
[Result "1/2-1/2"]
[Termination "normal"]
[Board "18"]
[WhiteElo "1372"]
[BlackElo "1179"]
[PlyCount "88"]
[WhiteFideId "12984353"]
[BlackFideId "16221206"]
[EventCountry "GER"]
[EventRounds "11"]
[EventType "swiss"]
[EventDate "2015.05.23"]

1. Nf3 Nf6 2. g3 g6 3. Bg2 Bg7 4. O-O O-O 5. c4 c5 6. Nc3 Nc6 7. e3 e6 8. d4
cxd4 9. exd4 d5 10. cxd5 Nxd5 11. Be3 Nce7 12. Rc1 Bd7 13. Qd2 Nxe3 14. fxe3
Bc6 15. Ne2 Qd7 16. Rfd1 Rfd8 17. Rc2 Rac8 18. Nf4 Nd5 19. Nd3 Ne7 20. Nde5
Bxe5 21. Nxe5 Qe8 22. Nxc6 Nxc6 23. Rf1 e5 24. d5 f5 25. Qe1 Ne7 26. Rxc8 Rxc8
27. d6 Nc6 28. Rf2 e4 29. a3 a6 30. Rd2 Qd7 31. Bf1 b5 32. a4 Na7 33. axb5 axb5
34. b4 Rb8 35. Qa1 Rd8 36. Qa2+ Qf7 37. Qxf7+ Kxf7 38. Ra2 Rd7 39. Ra6 Kf6 40.
Kf2 h6 41. Bh3 h5 42. Bf1 g5 43. h4 g4 44. Be2 Ke5 1/2-1/2

[Event "DEM U10/U10w 2015"]
[Site "Willingen GER"]
[Date "2015.05.29"]
[Round "9"]
[White "Kodalle, Dominik"]
[Black "Schröder, Lennart"]
[Result "0-1"]
[Termination "normal"]
[Board "19"]
[WhiteElo "1230"]
[BlackElo "1339"]
[PlyCount "70"]
[WhiteFideId "16208722"]
[BlackFideId "16222490"]
[EventCountry "GER"]
[EventRounds "11"]
[EventType "swiss"]
[EventDate "2015.05.23"]

1. e4 e6 2. d4 d5 3. e5 c5 4. c3 Nc6 5. Nf3 Bd7 6. a3 f6 7. exf6 Nxf6 8. Bg5
Bd6 9. Be2 O-O 10. O-O Qb6 11. b4 cxb4 12. cxb4 Ne4 13. Be3 a5 14. b5 Ne7 15.
a4 Rac8 16. Ne5 Qc7 17. Nxd7 Qxd7 18. Bf3 Nf6 19. Nd2 Nf5 20. Nb3 b6 21. Qd2
Bb4 22. Qd1 Nxe3 23. fxe3 Ne8 24. e4 dxe4 25. Bxe4 Bc3 26. Rxf8+ Kxf8 27. Rc1
Bxd4+ 28. Nxd4 Rxc1 29. Nxe6+ Qxe6 30. Qxc1 Qxe4 31. Qf1+ Nf6 32. Qd1 Qd5 33.
Qe2 Qd4+ 34. Kf1 Qxa4 35. Qe5 Qd1+ 0-1

[Event "DEM U10/U10w 2015"]
[Site "Willingen GER"]
[Date "2015.05.29"]
[Round "9"]
[White "Schauties, Nico Antonio"]
[Black "Dietz, Kristin"]
[Result "0-1"]
[Termination "normal"]
[Board "20"]
[WhiteElo "1457"]
[BlackElo "1249"]
[PlyCount "66"]
[WhiteFideId "16206371"]
[BlackFideId "12993743"]
[EventCountry "GER"]
[EventRounds "11"]
[EventType "swiss"]
[EventDate "2015.05.23"]

1. d4 b5 2. e4 Bb7 3. Nd2 e6 4. Bxb5 Nf6 5. Bd3 c5 6. c3 Be7 7. Ngf3 O-O 8. O-O
Nc6 9. Re1 Qc7 10. Qc2 e5 11. dxe5 Nxe5 12. Nxe5 Qxe5 13. Nf3 Qh5 14. Bf4 h6
15. Nd2 Qg4 16. Bg3 Rfe8 17. Re3 Qe6 18. Bf4 Qc6 19. Nc4 Bd8 20. Ne5 Qe6 21.
Bc4 d5 22. exd5 Nxd5 23. Bxd5 Qxd5 24. Nf3 Rxe3 25. Bxe3 Bg5 26. Rd1 Qc6 27.
Bxg5 hxg5 28. Ne1 Re8 29. f3 g4 30. fxg4 Qe6 31. Qf5 Qe7 32. Qd7 Qe6 33. Kf1
Ba6+ 0-1

[Event "DEM U10/U10w 2015"]
[Site "Willingen GER"]
[Date "2015.05.29"]
[Round "9"]
[White "Ziegenfuß, Antonia"]
[Black "Pietsch, Julius"]
[Result "1-0"]
[Termination "normal"]
[Board "21"]
[WhiteElo "1627"]
[BlackElo "1202"]
[PlyCount "71"]
[WhiteFideId "12962554"]
[BlackFideId "12985660"]
[EventCountry "GER"]
[EventRounds "11"]
[EventType "swiss"]
[EventDate "2015.05.23"]

1. e4 c5 2. Nf3 a6 3. c4 e6 4. d4 cxd4 5. Nxd4 Nf6 6. f3 Qc7 7. Nc3 Nc6 8. Be3
Be7 9. Qd2 O-O 10. g4 Nxd4 11. Bxd4 e5 12. Be3 Bc5 13. h4 Bxe3 14. Qxe3 d6 15.
h5 Be6 16. g5 Nd7 17. b3 Rac8 18. Rc1 b5 19. cxb5 axb5 20. Bxb5 Qa5 21. Kf2 Rc5
22. Bxd7 Bxd7 23. Ne2 Rxc1 24. Rxc1 Qxa2 25. Rd1 Qa6 26. Qd2 Be6 27. b4 Rd8 28.
Nc3 Qb6+ 29. Kg3 Qxb4 30. Rb1 Qa5 31. Rb5 Qa6 32. Qd3 Bd7 33. Rb8 Qa5 34. Qxd6
h6 35. g6 Rc8 36. gxf7+ 1-0

[Event "DEM U10/U10w 2015"]
[Site "Willingen GER"]
[Date "2015.05.29"]
[Round "9"]
[White "Schubert, Nikita"]
[Black "Kruse, Kilian"]
[Result "1-0"]
[Termination "normal"]
[Board "22"]
[WhiteElo "1216"]
[BlackElo "1346"]
[PlyCount "70"]
[WhiteFideId "16212339"]
[BlackFideId "16205413"]
[EventCountry "GER"]
[EventRounds "11"]
[EventType "swiss"]
[EventDate "2015.05.23"]

1. e4 c5 2. Nf3 Nc6 3. d4 cxd4 4. Nxd4 Nf6 5. Nc3 e5 6. Ndb5 d6 7. Bg5 a6 8.
Na3 b5 9. Nd5 Be7 10. Bxf6 Bxf6 11. c4 b4 12. Nc2 a5 13. Qf3 Rb8 14. Nxf6+ Qxf6
15. Qxf6 gxf6 16. b3 f5 17. exf5 Bxf5 18. Ne3 Be6 19. O-O-O Ke7 20. g3 Rhc8 21.
Bg2 Nd4 22. Rhe1 a4 23. Kb2 a3+ 24. Kc1 f6 25. Bd5 Rb5 26. Kb1 Rbc5 27. Bxe6
Kxe6 28. Nd5 Nb5 29. Ka1 Nd4 30. Rxd4 Kf7 31. Rd2 f5 32. Nxb4 Ke6 33. Red1 Rd8
34. Nc2 Ra5 35. Rd5 Rda8 1-0